| 000 | 00602nam a2200193 u 4500 | ||
|---|---|---|---|
| 001 | 000487208 | ||
| 003 | AM-YeHGA | ||
| 005 | 20250617134301.0 | ||
| 008 | 060506s1978 ||| r 000 0 rus d | ||
| 040 | _aAM-YeHGA | ||
| 041 | 0 | _arus | |
| 100 | 1 | _aЛыкосова, Раиса Ивановна | |
| 245 | 1 | 0 |
_aМост : _bПовести / _cРаиса Лыкосова. |
| 260 |
_aСвердловск : _bСред.-Урал. кн. изд-во, _c1978. |
||
| 300 | _a205 с. | ||
| 440 | 0 | _aНовинки прозы | |
| 653 | 0 | _aРусская советская поэзия | |
| 090 | _c180749 | ||
| 999 |
_c179301 _d179301 |
||